Carbonate systems during the oligocene-miocene climatic transition (Record no. 1215867)

MARC details
000 -LEADER
fixed length control field 01234nam a2200325Ia 4500
003 - CONTROL NUMBER IDENTIFIER
control field OSt
005 - DATE AND TIME OF LATEST TRANSACTION
control field 20221007125819.0
008 - FIXED-LENGTH DATA ELEMENTS--GENERAL INFORMATION
fixed length control field 221006b |||||||| |||| 00| 0 eng d
020 ## - INTERNATIONAL STANDARD BOOK NUMBER
International Standard Book Number 9781444337914 (hbd)
037 ## - SOURCE OF ACQUISITION
Terms of availability Textbook
040 ## - CATALOGING SOURCE
Original cataloging agency DGL
Transcribing agency DGL
Language of cataloging eng
041 ## - LANGUAGE CODE
Source of code eng
Language code of text/sound track or separate title eng
100 ## - MAIN ENTRY--PERSONAL NAME
Personal name Mutti Maria Ed.
9 (RLIN) 722559
245 #0 - TITLE STATEMENT
Title Carbonate systems during the oligocene-miocene climatic transition
Remainder of title Betzler Christian Ed.
260 ## - PUBLICATION, DISTRIBUTION, ETC.
Place of publication, distribution, etc. Chichester
Name of publisher, distributor, etc. Wiley-Blackwell
Date of publication, distribution, etc. 2010
300 ## - PHYSICAL DESCRIPTION
Extent xi, 300p.
Dimensions cm.
490 ## - SERIES STATEMENT
Series statement Special publication number 42 of the international association of sedimentologists
500 ## - GENERAL NOTE
General note Includes bibliographical references.; Index 283-300p.
650 ## - SUBJECT ADDED ENTRY--TOPICAL TERM
Topical term or geographic name entry element Paleoclimatology-miocene
9 (RLIN) 722560
650 ## - SUBJECT ADDED ENTRY--TOPICAL TERM
Topical term or geographic name entry element Rocks-Carbonate
9 (RLIN) 722561
650 ## - SUBJECT ADDED ENTRY--TOPICAL TERM
Topical term or geographic name entry element Stratigraphic geology
9 (RLIN) 722562
650 ## - SUBJECT ADDED ENTRY--TOPICAL TERM
Topical term or geographic name entry element Geology
700 ## - ADDED ENTRY--PERSONAL NAME
Personal name Betzler Christian Ed.
9 (RLIN) 722563
700 ## - ADDED ENTRY--PERSONAL NAME
Personal name Piller Werner Ed.
9 (RLIN) 722564
942 ## - ADDED ENTRY ELEMENTS (KOHA)
Classification part H23, Q0 Carg
Koha item type Textbook
Source of classification or shelving scheme Colon Classification (CC)
Holdings
Withdrawn status Lost status Source of classification or shelving scheme Damaged status Not for loan Home library Current library Date acquired Source of acquisition Total Checkouts Full call number Barcode Date last seen Price effective from Koha item type
    Colon Classification (CC)     Department of Geology Library Department of Geology Library 2022-10-07 531, 23/03/2011, Aviva Books Company   H23 Q0 Carg SL0G00065 2022-10-07 2022-10-07 Textbook
Copyright @ Delhi University Library System